[Event "Gausdal Bygger'n Masters"]
[Site "Gausdal NOR"]
[Date "2005.10.02"]
[Round "2.23"]
[White "Johansson, Per"]
[Black "Breivik, Lars"]
[Result "0-1"]
[WhiteElo "2005"]
[BlackElo "2236"]
[PlyCount "124"]
[EventDate "2005.10.01"]
[EventType "swiss"]
[EventRounds "9"]
[EventCountry "NOR"]
[Source "lmi"]
[SourceDate "2005.10.05"]

1. d4 Nf6 2. Nf3 e6 3. c4 c5 4. d5 exd5 5. cxd5 d6 6. Nc3 g6 7. g3 Bg7 8. Bg2
O-O 9. O-O Re8 10. Nd2 a6 11. a4 Nbd7 12. a5 b5 13. axb6 Nxb6 14. Nb3 Nc4 15.
Ra4 Nb6 16. Ra2 Bf5 17. Na5 Ne4 18. Nxe4 Bxe4 19. Bf4 Bd4 20. Nc6 Qf6 21. Nxd4
cxd4 22. Bxe4 Rxe4 23. Qd3 Rae8 24. Rxa6 Nxd5 25. Bh6 Qe6 26. Qa3 Rxe2 27. Ra8
Nf6 28. Rxe8+ Nxe8 29. Qd3 Rxb2 30. Qxd4 Rb5 31. Ra1 Rh5 32. Qe3 Qxe3 33. Bxe3
Kf8 34. Ra7 Nf6 35. h4 Re5 36. Kg2 h5 37. Bf4 Re6 38. Bh6+ Kg8 39. Be3 Kg7 40.
Bd4 Kf8 41. Be3 Ng4 42. Bf4 Kg7 43. Rd7 Re2 44. Rxd6 Rxf2+ 45. Kg1 Rc2 46. Ra6
Re2 47. Kf1 Re7 48. Kg2 f6 49. Ra5 Kf7 50. Ra6 Rb7 51. Rc6 Rb2+ 52. Kg1 Ra2 53.
Rb6 Nh2 54. Bb8 Nf3+ 55. Kf1 Nd2+ 56. Kg1 Nc4 57. Rc6 Ne3 58. Bf4 Rg2+ 59. Kh1
Rc2 60. Ra6 Nf5 61. Rb6 Nd4 62. Ra6 Nf3 0-1

[Event "Gausdal Bygger'n Masters"]
[Site "Gausdal NOR"]
[Date "2005.10.02"]
[Round "2.24"]
[White "Harstad, Christian"]
[Black "Nilsen, Jarle"]
[Result "1-0"]
[WhiteElo "2078"]
[BlackElo "1632"]
[PlyCount "117"]
[EventDate "2005.10.01"]
[EventType "swiss"]
[EventRounds "9"]
[EventCountry "NOR"]
[Source "lmi"]
[SourceDate "2005.10.05"]

1. d4 Nf6 2. c4 e6 3. Nc3 Bb4 4. e3 O-O 5. Bd3 d6 6. Nge2 Nc6 7. Qc2 e5 8. d5
Nb8 9. a3 Bxc3+ 10. Nxc3 a5 11. Rb1 Qe7 12. O-O Na6 13. b4 g6 14. f4 Nh5 15. f5
Qh4 16. Bd2 Ng7 17. e4 axb4 18. axb4 gxf5 19. exf5 Qd4+ 20. Kh1 f6 21. Ne2 Qh4
22. Be3 c5 23. dxc6 bxc6 24. Be4 Rb8 25. Bf2 Qg4 26. Be1 Kh8 27. h3 Qh5 28. Ng3
Qe8 29. Qd3 Qd7 30. Bd2 Bb7 31. Bh6 d5 32. Bf3 Rbd8 33. Bg4 e4 34. Qd4 Qd6 35.
Bf4 Qe7 36. c5 Rfe8 37. Bd6 Rxd6 38. cxd6 Qxd6 39. Nh5 Nxh5 40. Bxh5 Rc8 41.
Rfc1 Ba8 42. Qb6 Nc7 43. b5 d4 44. Rc4 Rd8 45. bxc6 e3 46. Rxd4 Qxd4 47. Qxc7
Rg8 48. Rb8 Qd5 49. Bf3 Qc4 50. Rxg8+ Qxg8 51. Qe7 Bxc6 52. Qxf6+ Qg7 53. Qxc6
Qa1+ 54. Kh2 Qe5+ 55. g3 Qb2+ 56. Bg2 e2 57. Qe8+ Kg7 58. f6+ Kh6 59. f7 1-0

[Event "Gausdal Bygger'n Masters"]
[Site "Gausdal NOR"]
[Date "2005.10.02"]
[Round "2.25"]
[White "Pettersen, Joar Gullestad"]
[Black "Lie, Terje"]
[Result "1/2-1/2"]
[WhiteElo "2050"]
[BlackElo "1178"]
[PlyCount "311"]
[EventDate "2005.10.01"]
[EventType "swiss"]
[EventRounds "9"]
[EventCountry "NOR"]
[Source "lmi"]
[SourceDate "2005.10.05"]

1. e4 d6 2. Nc3 Nf6 3. Bc4 g6 4. f4 c5 5. Nf3 Bg7 6. O-O Bg4 7. h3 Bxf3 8. Qxf3
Nc6 9. d3 Nd4 10. Qf2 O-O 11. Kh1 a6 12. a4 Nd7 13. Be3 Nb6 14. Ba2 e6 15. a5
Nd7 16. Bxd4 Bxd4 17. Qg3 Nf6 18. f5 Be5 19. Qf3 Nh5 20. Ne2 Qh4 21. c3 Kg7 22.
Kg1 Rae8 23. Rf2 Ng3 24. Re1 Nxe2+ 25. Rfxe2 g5 26. Rf1 h5 27. Qe3 Bf4 28. Qf3
e5 29. g4 hxg4 30. Qxg4 Qxg4+ 31. hxg4 Rh8 32. Kf2 Rh2+ 33. Ke1 Rh4 34. Rg2 Rb8
35. Bc4 b5 36. Bd5 b4 37. cxb4 Rxb4 38. Bc4 Ra4 39. Bxa6 Rxa5 40. Bc4 Kf6 41.
Kd1 Ke7 42. Kc2 f6 43. Rb1 Ra4 44. Rf1 Be3 45. Bb3 Ra7 46. Re1 Bd4 47. Ree2 Ra1
48. Rh2 Rh1 49. Rxh1 Rxh1 50. Rg2 Kd8 51. Bd5 Kc7 52. Kb3 Kb6 53. Bc4 Ka5 54.
Bd5 Be3 55. Bc4 Rh4 56. Bd5 Rh8 57. Ka3 Bd4 58. Bc4 Rh3 59. Kb3 Rh1 60. Ka3
Ra1+ 61. Kb3 Rh1 62. Bd5 Be3 63. Bc4 Bf4 64. Bd5 Rh3 65. Bc4 Bg3 66. Ka3 Bh4
67. Kb3 Rh1 68. Bd5 Rc1 69. Bc4 Rd1 70. Ka3 Be1 71. Rh2 Ra1+ 72. Kb3 Bh4 73.
Rg2 Ra4 74. Bd5 Be1 75. Rh2 Rb4+ 76. Ka3 Bh4 77. Rg2 Kb6 78. Bc4 Kc6 79. Bd5+
Kc7 80. Bc4 Rb6 81. Bd5 Ra6+ 82. Kb3 Ra1 83. Bc4 Re1 84. Kc2 Kb6 85. Kb3 Re3
86. Kc3 Be1+ 87. Kc2 Rh3 88. Bd5 Kb5 89. Bc4+ Kb4 90. Bd5 Bg3 91. Be6 Bf4 92.
b3 Rh1 93. Bc4 Be3 94. Kb2 Bd4+ 95. Kc2 Ra1 96. Rg3 Bf2 97. Rh3 Bh4 98. Rf3
Ra2+ 99. Kc1 Rg2 100. Kb1 Rxg4 101. Kc1 Rg3 102. Rf1 Kc3 103. Rh1 Re3 104. Rd1
Re1 105. Rxe1 Bxe1 106. Kd1 Bh4 107. Ke2 Kb4 108. Kf3 Ka5 109. Kg4 Kb6 110. Bd5
Bf2 111. Bc4 Ka5 112. Bd5 Kb4 113. Bc4 Kc3 114. Kf3 Bd4 115. Kg4 Kc2 116. Kf3
Kd1 117. Kg4 Ke2 118. Bb5 Kf2 119. Bc4 Be3 120. Bd5 Bf4 121. Bc4 Kg2 122. Bd5
Kf2 123. Bc4 Ke3 124. Bb5 Kd4 125. Bc4 Bd2 126. Kf3 Bf4 127. Kg4 Ke3 128. Bb5
Kf2 129. Bc4 Bc1 130. Bd5 Bb2 131. Bc4 Kg2 132. Bd5 Bd4 133. Bc4 Bf2 134. Bd5
Bg3 135. Bc4 Kf2 136. Bd5 Bf4 137. Bc4 Ke2 138. Bb5 Bd2 139. Bc4 Ke3 140. Bb5
d5 141. exd5 e4 142. dxe4 Kxe4 143. Bc4 Bf4 144. d6 Bxd6 145. Be6 Kd4 146. Bc4
Be5 147. Be6 Kc3 148. Bc4 Bd4 149. Be6 Bf2 150. Bc4 Be1 151. Be6 Kd4 152. Bc4
Ke3 153. Be6 Kf2 154. Bc4 Kg2 155. Be6 Bb4 156. Bc4 1/2-1/2

[Event "Gausdal Bygger'n Masters"]
[Site "Gausdal NOR"]
[Date "2005.10.03"]
[Round "3.2"]
[White "Kulaots, Kaido"]
[Black "Karlsson, Lars"]
[Result "1-0"]
[WhiteElo "2558"]
[BlackElo "2501"]
[PlyCount "63"]
[EventDate "2005.10.01"]
[EventType "swiss"]
[EventRounds "9"]
[EventCountry "NOR"]
[Source "lmi"]
[SourceDate "2005.10.05"]

1. e4 c5 2. Nf3 d6 3. d4 cxd4 4. Nxd4 Nf6 5. Nc3 g6 6. Be3 Bg7 7. f3 Nc6 8. Qd2
Bd7 9. O-O-O h5 10. Kb1 Rc8 11. Be2 Ne5 12. h3 Nc4 13. Bxc4 Rxc4 14. g4 b5 15.
Nd5 Nxd5 16. exd5 Qc8 17. Rhe1 Ra4 18. b3 Ra3 19. Bg5 O-O 20. Rxe7 Re8 21.
Rxe8+ Bxe8 22. gxh5 Bd7 23. hxg6 fxg6 24. Bh6 Bf6 25. Qd3 Kf7 26. Bc1 Qa6 27.
Bxa3 Qxa3 28. Qc3 Bf5 29. Nxb5 Qa6 30. Qc7+ Kg8 31. Qb8+ Kh7 32. Qxa7+ 1-0

[Event "Gausdal Bygger'n Masters"]
[Site "Gausdal NOR"]
[Date "2005.10.03"]
[Round "3.3"]
[White "Antic, Dejan"]
[Black "Akesson, Ralf"]
[Result "0-1"]
[WhiteElo "2519"]
[BlackElo "2486"]
[PlyCount "67"]
[EventDate "2005.10.01"]
[EventType "swiss"]
[EventRounds "9"]
[EventCountry "NOR"]
[Source "lmi"]
[SourceDate "2005.10.05"]

1. d4 Nf6 2. c4 e6 3. Nf3 b6 4. g3 Bb7 5. Bg2 Be7 6. Nc3 Ne4 7. Bd2 Bf6 8. O-O
O-O 9. Rc1 d6 10. d5 Nxd2 11. Qxd2 e5 12. h4 a5 13. a3 a4 14. Qc2 Qe8 15. Ng5
g6 16. Nge4 Bd8 17. Nb5 f5 18. Ng5 Bc8 19. e3 e4 20. f3 Bxg5 21. hxg5 exf3 22.
Rxf3 Qd8 23. g4 Nd7 24. gxf5 Qxg5 25. Nxc7 Ne5 26. Rf4 Bxf5 27. Qd2 Rac8 28.
Nb5 Bh3 29. Rcf1 Nxc4 30. Qf2 Rxf4 31. exf4 Qxg2+ 32. Qxg2 Bxg2 33. Rc1 Bxd5
34. Nd4 0-1

[Event "Gausdal Bygger'n Masters"]
[Site "Gausdal NOR"]
[Date "2005.10.03"]
[Round "3.4"]
[White "Dobrov, Vladimir"]
[Black "Tallaksen, Geir Sune"]
[Result "1-0"]
[WhiteElo "2515"]
[BlackElo "2350"]
[PlyCount "77"]
[EventDate "2005.10.01"]
[EventType "swiss"]
[EventRounds "9"]
[EventCountry "NOR"]
[Source "lmi"]
[SourceDate "2005.10.05"]

1. Nf3 Nf6 2. c4 e6 3. Nc3 c5 4. e3 Nc6 5. d4 d5 6. a3 a6 7. dxc5 Bxc5 8. b4
Ba7 9. Bb2 dxc4 10. Bxc4 Qxd1+ 11. Rxd1 O-O 12. Ng5 b5 13. Be2 Bb7 14. Nce4
Nxe4 15. Nxe4 Rad8 16. Bf3 Rxd1+ 17. Kxd1 Rc8 18. Ke2 Ne7 19. Rd1 Rc2+ 20. Rd2
Rxd2+ 21. Kxd2 Bd5 22. Kd3 Nc6 23. h4 Kf8 24. g4 Bb8 25. Nd2 Bxf3 26. Nxf3 f6
27. Nd2 Ke7 28. Ne4 Be5 29. Bd4 Bd6 30. h5 h6 31. f4 e5 32. Nxd6 Kxd6 33. Bc5+
Kd5 34. Bf8 e4+ 35. Kc3 Ke6 36. Bxg7 Kf7 37. Bxh6 Ne7 38. Kd4 f5 39. g5 1-0

[Event "Gausdal Bygger'n Masters"]
[Site "Gausdal NOR"]
[Date "2005.10.03"]
[Round "3.5"]
[White "Nordstrom, Felix"]
[Black "Burmakin, Vladimir"]
[Result "0-1"]
[WhiteElo "2184"]
[BlackElo "2508"]
[PlyCount "186"]
[EventDate "2005.10.01"]
[EventType "swiss"]
[EventRounds "9"]
[EventCountry "NOR"]
[Source "lmi"]
[SourceDate "2005.10.05"]

1. e4 d6 2. d4 g6 3. c4 Bg7 4. Nc3 c6 5. Be3 e5 6. d5 c5 7. Bd3 Ne7 8. g4 Na6
9. g5 h6 10. Qd2 hxg5 11. Bxg5 f6 12. Be3 g5 13. Nge2 Bg4 14. Ng1 Ng6 15. f3
Bd7 16. Nge2 Nh4 17. Rf1 Ng2+ 18. Kd1 Nxe3+ 19. Qxe3 Qb6 20. Rf2 Qxb2 21. Rb1
Qa3 22. Rb3 Qa5 23. Rxb7 Ke7 24. Bc2 Rhb8 25. Rxb8 Rxb8 26. Ng3 Rh8 27. Ke1 Bh3
28. Ba4 Qb4 29. Bb3 Nc7 30. Kd1 Na8 31. Na4 Bd7 32. Qc3 Rb8 33. Qxb4 Rxb4 34.
Nb2 Kf7 35. Nf1 a5 36. Nd3 Rb8 37. Rb2 f5 38. Bc2 Rxb2 39. Nxb2 f4 40. Ba4 Bh3
41. Ke2 g4 42. Kf2 Bf6 43. fxg4 Bh4+ 44. Kg1 Bxg4 45. Bd1 Bxd1 46. Nxd1 Nb6 47.
Nc3 Nxc4 48. Nb5 Ke7 49. Kg2 Nb2 50. Kf3 Nd3 51. Nd2 Nb2 52. Na3 Nd1 53. Ndc4
Nc3 54. Nxa5 Kd7 55. N5c4 Be7 56. Nb6+ Kd8 57. Nac4 Nxa2 58. h4 Nc3 59. h5 Bf8
60. Nd2 Ke7 61. Nbc4 Kf6 62. Kg4 Be7 63. Nb6 Kf7 64. Kf3 Nb5 65. Ndc4 Kg7 66.
Kg4 Kh6 67. Nd2 Nc3 68. Nbc4 Bf8 69. Nb2 Nd1 70. Nbc4 Ne3+ 71. Kf3 Nxc4 72.
Nxc4 Kxh5 73. Nb6 Kg5 74. Nc4 Kf6 75. Ke2 Ke7 76. Nd2 Kd7 77. Kd3 Be7 78. Kc4
Ke8 79. Kd3 Kd8 80. Kc4 Kc7 81. Nf3 Kb6 82. Ne1 Ka5 83. Nf3 Ka4 84. Nd2 Ka3 85.
Kc3 Ka4 86. Kc4 Bd8 87. Nf3 Ka3 88. Kc3 Ba5+ 89. Kc2 Kb4 90. Nh4 Kc4 91. Nf3
Bb4 92. Ng5 Kd4 93. Kd1 Ke3 0-1

[Event "Gausdal Bygger'n Masters"]
[Site "Gausdal NOR"]
[Date "2005.10.03"]
[Round "3.6"]
[White "Reppen, Sigmund"]
[Black "Urkedal, Frode Olav Olsen"]
[Result "1/2-1/2"]
[WhiteElo "1916"]
[BlackElo "2141"]
[PlyCount "118"]
[EventDate "2005.10.01"]
[EventType "swiss"]
[EventRounds "9"]
[EventCountry "NOR"]
[Source "lmi"]
[SourceDate "2005.10.05"]

1. e4 c5 2. Nf3 d6 3. d4 cxd4 4. Nxd4 Nf6 5. Nc3 a6 6. Be2 e6 7. Be3 Be7 8. Qd2
b5 9. a3 Bb7 10. f3 Nbd7 11. O-O O-O 12. Rfd1 Nb6 13. a4 Nc4 14. Bxc4 bxc4 15.
a5 Qc7 16. Na4 d5 17. Nb6 Rad8 18. exd5 Nxd5 19. Nxd5 Rxd5 20. Qe1 Rh5 21. f4
e5 22. Ne2 Qc6 23. Qf1 Qe4 24. Bf2 exf4 25. Rd4 Qc6 26. Nxf4 Rc5 27. Rad1 Rxa5
28. Rxc4 Qb5 29. Rc7 Bf6 30. Qxb5 Rxb5 31. b3 Be4 32. Rc4 Bf5 33. Nd5 Bd8 34.
Nc7 Bxc7 35. Rxc7 h6 36. h3 Re8 37. Kf1 Ra5 38. Rc1 Rd5 39. Rc5 Ree5 40. Rxd5
Rxd5 41. Be3 Re5 42. Kf2 Ra5 43. Ke1 Be4 44. g3 Rf5 45. h4 f6 46. b4 Kh7 47.
Ke2 Kg6 48. Ra1 Bxc2 49. Ra5 Rxa5 50. bxa5 Kf5 51. Bf4 g5 52. hxg5 fxg5 53. Bc7
h5 54. Kf2 Be4 55. Kg1 Bc6 56. Kh2 Ke4 57. Bd6 Kf3 58. Bc7 Kf2 59. Bb6+ Kf3
1/2-1/2

[Event "Gausdal Bygger'n Masters"]
[Site "Gausdal NOR"]
[Date "2005.10.03"]
[Round "3.7"]
[White "Bentsen, Oyvind"]
[Black "Ferkingstad, Sjur"]
[Result "1-0"]
[WhiteElo "2146"]
[BlackElo "2239"]
[PlyCount "121"]
[EventDate "2005.10.01"]
[EventType "swiss"]
[EventRounds "9"]
[EventCountry "NOR"]
[Source "lmi"]
[SourceDate "2005.10.05"]

1. e4 e6 2. d4 d5 3. Nd2 Nf6 4. e5 Nfd7 5. Bd3 c5 6. c3 Nc6 7. Ngf3 cxd4 8.
cxd4 Qb6 9. Nb3 a5 10. a4 Bb4+ 11. Ke2 f6 12. Qc2 Be7 13. Be3 f5 14. g3 Ndb8
15. Bb5 O-O 16. Rac1 Na6 17. h4 Ncb4 18. Qd1 Nc7 19. Bd3 Nxd3 20. Qxd3 Bd7 21.
Nc5 Bxc5 22. dxc5 Qxb2+ 23. Rc2 Qb4 24. c6 bxc6 25. Bc5 Qe4+ 26. Qxe4 fxe4 27.
Nd4 Rfc8 28. Rb1 Be8 29. g4 Na6 30. Nxe6 Bd7 31. Nd4 Bxg4+ 32. Ke3 Nb4 33. Bxb4
axb4 34. Nxc6 Rc7 35. Nxb4 Rxc2 36. Nxc2 Rxa4 37. Rb4 Ra6 38. Kd4 Be6 39. Rb8+
Kf7 40. h5 Ra7 41. Nb4 Rd7 42. Rb5 Bg4 43. Nxd5 Bxh5 44. Kxe4 Bg6+ 45. Ke3 Bf5
46. Nf4 Ra7 47. Ne2 Be6 48. Nd4 Bc4 49. Rb6 Bd5 50. Rd6 Bg2 51. f4 h5 52. Kf2
Be4 53. Kg3 g6 54. Kh4 Rb7 55. Ne6 Rb4 56. Ng5+ Ke7 57. Nxe4 Rxe4 58. Kg5 h4
59. Rxg6 h3 60. Rh6 Re3 61. Kg4 1-0

[Event "Gausdal Bygger'n Masters"]
[Site "Gausdal NOR"]
[Date "2005.10.03"]
[Round "3.9"]
[White "Svendsen, Bertil"]
[Black "Westerinen, Heikki M.J"]
[Result "1/2-1/2"]
[WhiteElo "2205"]
[BlackElo "2410"]
[PlyCount "76"]
[EventDate "2005.10.01"]
[EventType "swiss"]
[EventRounds "9"]
[EventCountry "NOR"]
[Source "lmi"]
[SourceDate "2005.10.05"]

1. c4 Nf6 2. g3 g6 3. Bg2 Bg7 4. Nc3 O-O 5. d3 Nc6 6. Rb1 b6 7. e4 Bb7 8. Nge2
Ne8 9. O-O Nd4 10. Nxd4 Bxd4 11. Bh6 Bg7 12. Bxg7 Nxg7 13. f4 f5 14. e5 Bxg2
15. Kxg2 c5 16. d4 cxd4 17. Qxd4 Ne6 18. Qd5 Qc7 19. Rbd1 Rfd8 20. Rf2 Rac8 21.
Rfd2 Qxc4 22. Qxc4 Rxc4 23. Rxd7 Rxd7 24. Rxd7 Rc7 25. Rxc7 Nxc7 26. Kf3 Kf7
27. Ke3 Ke6 28. Kd4 Kd7 29. a4 Kc6 30. b4 a6 31. b5+ axb5 32. axb5+ Kd7 33. Kc4
e6 34. Kd4 Ke7 35. Kc4 Kd7 36. Kd4 Ke7 37. Kc4 Kf7 38. Na4 Nd5 1/2-1/2

[Event "Gausdal Bygger'n Masters"]
[Site "Gausdal NOR"]
[Date "2005.10.03"]
[Round "3.10"]
[White "Hole, Oystein"]
[Black "Gilbert, Jessie"]
[Result "1-0"]
[WhiteElo "2336"]
[BlackElo "2148"]
[PlyCount "91"]
[EventDate "2005.10.01"]
[EventType "swiss"]
[EventRounds "9"]
[EventCountry "NOR"]
[Source "lmi"]
[SourceDate "2005.10.05"]

1. Nf3 g6 2. c4 Bg7 3. e4 d6 4. d4 Nf6 5. Nc3 O-O 6. Be2 e5 7. O-O Nc6 8. d5
Ne7 9. b4 a5 10. Ba3 Ne8 11. c5 h6 12. Nd2 axb4 13. Bxb4 dxc5 14. Bxc5 Nd6 15.
Qb3 f5 16. Nb5 Kh8 17. Rac1 fxe4 18. Nxd6 cxd6 19. Bb6 Qe8 20. Nxe4 Nf5 21. Bg4
Qa4 22. Bxf5 Bxf5 23. Nxd6 Qxa2 24. Qxa2 Rxa2 25. Nxf5 gxf5 26. d6 Bf6 27. Rfd1
Kg8 28. Kf1 Bd8 29. Bxd8 Rxd8 30. Rc5 Kf7 31. Rxe5 Kf6 32. Rdd5 Ra1+ 33. Ke2
Ra2+ 34. Kf3 Ra3+ 35. Kf4 Ra4+ 36. Kg3 f4+ 37. Kf3 Rxd6 38. Rf5+ Kg6 39. Rxd6+
Kxf5 40. Rd5+ Kf6 41. Rb5 Ra7 42. Kxf4 Ra4+ 43. Kg3 Ra7 44. f4 Kg6 45. Kg4 Ra2
46. Rb6+ 1-0

[Event "Gausdal Bygger'n Masters"]
[Site "Gausdal NOR"]
[Date "2005.10.03"]
[Round "3.12"]
[White "Hansen, Torbjorn Ringdal"]
[Black "Vea, Odin Blikra"]
[Result "1/2-1/2"]
[WhiteElo "2323"]
[BlackElo "2090"]
[PlyCount "88"]
[EventDate "2005.10.01"]
[EventType "swiss"]
[EventRounds "9"]
[EventCountry "NOR"]
[Source "lmi"]
[SourceDate "2005.10.05"]

1. Nf3 Nc6 2. c4 Nf6 3. Nc3 e5 4. e3 Bb4 5. Qc2 d6 6. a3 Bxc3 7. Qxc3 Bg4 8. h3
Bxf3 9. gxf3 a5 10. b3 Qe7 11. Bb2 a4 12. Be2 axb3 13. Qxb3 O-O 14. O-O h6 15.
Kh2 Nh7 16. Rg1 Ng5 17. Rg3 Ne6 18. Rag1 g5 19. Qc3 f6 20. Bd3 Nc5 21. Bc2 Na4
22. Bxa4 Rxa4 23. f4 Qf7 24. d3 Kh7 25. Qc2 Raa8 26. d4+ Qg6 27. Qxg6+ Kxg6 28.
h4 Ra4 29. dxe5 dxe5 30. R1g2 Rxc4 31. hxg5 hxg5 32. fxg5 Rh4+ 33. Kg1 f5 34.
f4 exf4 35. exf4 Rd8 36. Re2 Rd6 37. Rf3 Kh5 38. Kg2 Nd4 39. Bxd4 Rxd4 40. Ref2
c5 41. Kf1 Re4 42. Kg2 c4 43. Rg3 Kg6 44. Rb2 Re6 1/2-1/2

[Event "Gausdal Bygger'n Masters"]
[Site "Gausdal NOR"]
[Date "2005.10.03"]
[Round "3.13"]
[White "Lie, Terje"]
[Black "Bentsen, Hakon"]
[Result "0-1"]
[WhiteElo "1178"]
[BlackElo "2158"]
[PlyCount "148"]
[EventDate "2005.10.01"]
[EventType "swiss"]
[EventRounds "9"]
[EventCountry "NOR"]
[Source "lmi"]
[SourceDate "2005.10.05"]

1. d4 d5 2. c4 e6 3. Nc3 Nf6 4. cxd5 exd5 5. Bg5 Be7 6. e3 c6 7. Qc2 Nbd7 8.
Bd3 Nf8 9. Nge2 h6 10. Bh4 Ne6 11. f3 O-O 12. O-O Re8 13. Rad1 b6 14. Kh1 Bb7
15. e4 dxe4 16. fxe4 Ng4 17. Bf2 Bh4 18. Bg1 h5 19. d5 cxd5 20. exd5 Nf8 21.
Bc4 Ne5 22. Bb3 Nfg6 23. Nf4 Nxf4 24. Rxf4 Bg5 25. Rff1 Rc8 26. Qe2 Ng4 27. Qf3
Qf6 28. h3 Qxf3 29. Rxf3 Nh6 30. Nb5 Ba6 31. Ba4 Bxb5 32. Bxb5 Red8 33. a4 Bf6
34. d6 Bxb2 35. Re3 Nf5 36. Red3 Be5 37. Bh2 f6 38. Bxe5 fxe5 39. d7 Rc5 40. g4
hxg4 41. hxg4 Nd4 42. Rxd4 exd4 43. Rxd4 Kf7 44. Re4 Rxb5 45. axb5 Rxd7 46. Kg2
Rd5 47. Ra4 Rxb5 48. Rxa7+ Kf6 49. Ra8 Kg5 50. Ra7 g6 51. Ra4 Rb3 52. Re4 b5
53. Rd4 Rb1 54. Kf3 Rb3+ 55. Ke2 Kh4 56. Kd2 g5 57. Kc2 Rg3 58. Rb4 Rxg4 59.
Rxb5 Rd4 60. Rb8 g4 61. Rh8+ Kg3 62. Rg8 Kf3 63. Kc3 Rd7 64. Rf8+ Kg2 65. Rg8
g3 66. Rg6 Kf2 67. Rf6+ Kg1 68. Rg6 g2 69. Rg8 Rf7 70. Ra8 Kf2 71. Ra2+ Kg3 72.
Ra8 g1=Q 73. Rg8+ Kf2 74. Rc8 Qc1+ 0-1

[Event "Gausdal Bygger'n Masters"]
[Site "Gausdal NOR"]
[Date "2005.10.03"]
[Round "3.15"]
[White "Aarland, Stein Arild"]
[Black "Harstad, Christian"]
[Result "1-0"]
[WhiteElo "2278"]
[BlackElo "2078"]
[PlyCount "67"]
[EventDate "2005.10.01"]
[EventType "swiss"]
[EventRounds "9"]
[EventCountry "NOR"]
[Source "lmi"]
[SourceDate "2005.10.05"]

1. e4 e5 2. Nf3 Nc6 3. Bc4 Nf6 4. d3 Be7 5. O-O O-O 6. c3 d6 7. Re1 Na5 8. Bb5
c6 9. Ba4 b5 10. Bc2 c5 11. Nbd2 Nc6 12. Nf1 Qc7 13. Bg5 Be6 14. Ne3 Ng4 15.
Nd5 Bxd5 16. exd5 Nb8 17. a4 f6 18. Bd2 b4 19. h3 Nh6 20. Bxh6 gxh6 21. d4 Rf7
22. dxc5 Qxc5 23. cxb4 Qxb4 24. Bf5 Kh8 25. Qc2 Qb7 26. Bc8 Qb6 27. a5 Qb5 28.
Be6 Rf8 29. Nh4 Na6 30. Nf5 Qe8 31. b4 Nxb4 32. Qc4 Rb8 33. Rab1 Qa4 34. Qg4
1-0

[Event "Gausdal Bygger'n Masters"]
[Site "Gausdal NOR"]
[Date "2005.10.03"]
[Round "3.16"]
[White "Hobber, Anders"]
[Black "Fossum, Oystein Boyum"]
[Result "0-1"]
[WhiteElo "1915"]
[BlackElo "2247"]
[PlyCount "94"]
[EventDate "2005.10.01"]
[EventType "swiss"]
[EventRounds "9"]
[EventCountry "NOR"]
[Source "lmi"]
[SourceDate "2005.10.05"]

1. d4 e6 2. Nc3 d5 3. e4 Bb4 4. e5 c5 5. Bd2 cxd4 6. Nb5 Bc5 7. Qg4 Kf8 8. Nf3
Nc6 9. Qf4 f6 10. O-O-O a6 11. exf6 gxf6 12. Nbxd4 Nxd4 13. Be3 e5 14. Nxe5 Ne6
15. Bxc5+ Nxc5 16. Qf3 Qc7 17. Nd3 Nxd3+ 18. Bxd3 Be6 19. Rhe1 Bf7 20. Bf5 Rd8
21. g4 Qxh2 22. Be6 Qh6+ 23. Kb1 Qg5 24. Qa3+ Kg7 25. Qa5 Nh6 26. Qc7 Rhf8 27.
f4 Qg6 28. g5 Nf5 29. gxf6+ Kh8 30. Bxf7 Qxf7 31. Qc5 Qxf6 32. Re5 Ng7 33. Rg1
d4 34. f5 Rc8 35. Qxd4 Rcd8 36. Qg4 Rf7 37. Re2 Qd6 38. Reg2 Qf6 39. Qxg7+ Rxg7
40. Rxg7 Qxg7 41. Rxg7 Kxg7 42. f6+ Kxf6 43. b3 Rc8 44. Kb2 Rc6 45. c4 h5 46.
Kc3 h4 47. Kc2 h3 0-1

[Event "Gausdal Bygger'n Masters"]
[Site "Gausdal NOR"]
[Date "2005.10.03"]
[Round "3.17"]
[White "Richards, Heather"]
[Black "White, Kevin"]
[Result "1-0"]
[WhiteElo "2239"]
[BlackElo "2069"]
[PlyCount "55"]
[EventDate "2005.10.01"]
[EventType "swiss"]
[EventRounds "9"]
[EventCountry "NOR"]
[Source "lmi"]
[SourceDate "2005.10.05"]

1. e4 Nf6 2. e5 Nd5 3. c4 Nb6 4. d4 d6 5. exd6 exd6 6. h3 Nc6 7. Nf3 Bf5 8. a3
Be7 9. Nc3 O-O 10. Be2 Bf6 11. O-O d5 12. c5 Nc8 13. b4 h6 14. Bf4 N8e7 15. b5
Ng6 16. Bxc7 Qxc7 17. Nxd5 Qd8 18. Nxf6+ Qxf6 19. bxc6 bxc6 20. Bd3 Rfd8 21.
Rb1 Rd5 22. Rb7 Re8 23. Bxf5 Rxf5 24. Rxa7 Nf4 25. Ne5 Rg5 26. Rxf7 Rxg2+ 27.
Kh1 Qh4 28. Qb3 1-0

[Event "Gausdal Bygger'n Masters"]
[Site "Gausdal NOR"]
[Date "2005.10.03"]
[Round "3.18"]
[White "Breivik, Lars"]
[Black "Strand, Haakon"]
[Result "1-0"]
[WhiteElo "2236"]
[BlackElo "1986"]
[PlyCount "59"]
[EventDate "2005.10.01"]
[EventType "swiss"]
[EventRounds "9"]
[EventCountry "NOR"]
[Source "lmi"]
[SourceDate "2005.10.05"]

1. Nf3 Nc6 2. d4 d5 3. Bf4 Bg4 4. e3 e6 5. h3 Bh5 6. Bb5 Nge7 7. Nbd2 a6 8. Be2
Ng6 9. Bh2 Bxf3 10. Nxf3 Bd6 11. c4 O-O 12. O-O Nce7 13. Qb3 b6 14. Rfc1 c5 15.
Rd1 dxc4 16. Qxc4 b5 17. Qc2 c4 18. b3 cxb3 19. axb3 Nd5 20. Rdc1 Nb4 21. Qd2
Ra7 22. Bxd6 Qxd6 23. Bxb5 Rb7 24. Bc4 Ra8 25. Ra5 Rb6 26. Qe2 Ne7 27. Ne5 f6
28. Nd3 Nec6 29. Rc5 Kh8 30. Nxb4 1-0

[Event "Gausdal Bygger'n Masters"]
[Site "Gausdal NOR"]
[Date "2005.10.03"]
[Round "3.19"]
[White "Bjorgvik, Jan Arne"]
[Black "Getz, Nicolai"]
[Result "1/2-1/2"]
[WhiteElo "2119"]
[BlackElo "1913"]
[PlyCount "47"]
[EventDate "2005.10.01"]
[EventType "swiss"]
[EventRounds "9"]
[EventCountry "NOR"]
[Source "lmi"]
[SourceDate "2005.10.05"]

1. e4 e6 2. d4 d5 3. exd5 exd5 4. Nf3 Bd6 5. Bd3 Ne7 6. O-O O-O 7. Re1 h6 8. h3
Bf5 9. Bxf5 Nxf5 10. c3 Nd7 11. Qd3 Qf6 12. Nbd2 c6 13. Nf1 Rfe8 14. Bd2 Nf8
15. Ne3 Nxe3 16. Bxe3 Ng6 17. Nh2 Bc7 18. g3 Rad8 19. Bd2 b6 20. Ng4 Qd6 21.
Qf5 Rxe1+ 22. Rxe1 Ne7 23. Qh5 Qg6 24. Qxg6 1/2-1/2

[Event "Gausdal Bygger'n Masters"]
[Site "Gausdal NOR"]
[Date "2005.10.03"]
[Round "3.20"]
[White "Kvisla, Johannes Luangtep"]
[Black "Astrup, Hakon"]
[Result "1-0"]
[WhiteElo "2123"]
[BlackElo "1943"]
[PlyCount "53"]
[EventDate "2005.10.01"]
[EventType "swiss"]
[EventRounds "9"]
[EventCountry "NOR"]
[Source "lmi"]
[SourceDate "2005.10.05"]

1. d4 c6 2. Nf3 d5 3. c4 Nf6 4. Qc2 e6 5. g3 Bd6 6. Bg2 Nbd7 7. O-O dxc4 8.
Qxc4 e5 9. Rd1 Nb6 10. Qc2 Qe7 11. dxe5 Bxe5 12. Nxe5 Qxe5 13. Bf4 Qh5 14. Bd6
Bh3 15. Ba3 Nbd7 16. Bf3 Bg4 17. Bxg4 Qxg4 18. Nc3 O-O-O 19. Nb5 Ne5 20. Bd6
Rxd6 21. Nxd6+ Kb8 22. Qb3 b6 23. f3 Qh3 24. Rd4 Rd8 25. Rad1 Rxd6 26. Rxd6
Nfg4 27. fxg4 1-0

[Event "Gausdal Bygger'n Masters"]
[Site "Gausdal NOR"]
[Date "2005.10.03"]
[Round "3.21"]
[White "Myhrvold, Rune"]
[Black "Carlsen, Ellen Oen"]
[Result "1-0"]
[WhiteElo "2164"]
[BlackElo "1866"]
[PlyCount "77"]
[EventDate "2005.10.01"]
[EventType "swiss"]
[EventRounds "9"]
[EventCountry "NOR"]
[Source "lmi"]
[SourceDate "2005.10.05"]

1. e4 c5 2. c3 Nf6 3. e5 Nd5 4. Qb3 e6 5. Nf3 Nc6 6. Bb5 d6 7. Bxc6+ bxc6 8.
O-O Ba6 9. c4 Nb6 10. d3 Be7 11. Nbd2 dxe5 12. Nxe5 Qc7 13. Nef3 O-O 14. Qa3
Bb7 15. Ne4 Rfd8 16. Be3 Nd7 17. Rad1 Ne5 18. Nxe5 Qxe5 19. Bxc5 Bxc5 20. Nxc5
Bc8 21. Rfe1 Qf5 22. d4 a5 23. b3 Qg4 24. h3 Qg6 25. Nd3 f6 26. Nf4 Qf7 27. Qc5
Bd7 28. Re3 Re8 29. Rde1 e5 30. dxe5 fxe5 31. Nd3 e4 32. Rxe4 Rxe4 33. Rxe4
Bxh3 34. Qxc6 Rc8 35. Qd6 Bf5 36. Re7 Qh5 37. Nf4 Qg5 38. Qe5 h6 39. Nh5 1-0